Score 0/17 Timer 10:00
0 Plays Today
Cereal % Correct
Frosted Flakes
77.4%
CornFlakes
74.2%
Rice Krispies
71%
Special K
58.1%
Froot Loops
48.4%
All-Bran
29%
Bran Flakes
22.6%
Crunchy Nut CornFlakes
16.1%
Krave
12.9%
Cereal % Correct
Fruit and Fibre
6.5%
Just Right
6.5%
Raisin Wheats
6.5%
Country Store
3.2%
Honey Pops
3.2%
Mini Max
3.2%
Luxury Muesli
3.2%
Optivita
3.2%

You're not logged in!

Compare scores with friends on all Sporcle quizzes.
OR
Log In

Sporcle TV

Today on Sporcle TV


Watch our educational content, quiz creation guides, and fun videos on Sporcle TV.

Show Comments

Extras

Created Dec 6, 2012ReportNominate
Tags:Cereal, kellogg, major

Top Quizzes Today


Score Distribution

Paid Content

Your Account Isn't Verified!

In order to create a playlist on Sporcle, you need to verify the email address you used during registration. Go to your Sporcle Settings to finish the process.

Report this User

Report this user for behavior that violates our Community Guidelines.

Details: